[Event "BCF-chT2a 1314 (4NCL)"]
[Site "England"]
[Date "2014.03.22"]
[Round "7.47"]
[White "Kostanjsek, Luke"]
[Black "Gill, Oliver"]
[Result "0-1"]
[WhiteElo "1971"]
[BlackElo "2009"]
[PlyCount "64"]
[EventDate "2013.11.16"]
[EventType "team-swiss"]
[EventRounds "11"]
[EventCountry "ENG"]
[SourceTitle "EXT 2015"]
[Source "ChessBase"]
[SourceDate "2014.11.20"]
[SourceVersion "1"]
[SourceVersionDate "2014.11.20"]
[SourceQuality "1"]
[WhiteTeam "Rhyfelwyr Essyllwg"]
[BlackTeam "Wessex"]
[WhiteTeamCountry "ENG"]
[BlackTeamCountry "ENG"]

1. d4 Nc6 2. c4 e5 3. Nf3 e4 4. Nfd2 f5 5. e3 Nf6 6. Nc3 Bb4 7. Qc2 0-0 8. a3 Bxc3 9. Qxc3 a5 10. b3 d5 11. Bb2 Ne7 12. f3 c6 13. 0-0-0 a4 14. b4 dxc4 15. Nxc4 Ned5 16. Qd2 Be6 17. Ne5 Nd7 18. f4 Nxe5 19. dxe5 Qe7 20. Bd4 b6 21. Bc4 Rfd8 22. Qa2 c5 23. Bxc5 bxc5 24. Bxd5 Rxd5 25. Rxd5 cxb4 26. axb4 Rc8+ 27. Kd1 Qf7 28. Qc2 Qb7 29. Qxc8+ Qxc8 30. Rd4 Bb3+ 31. Ke2 Qc2+ 32. Rd2 Bc4+ 0-1

[Event "South Wales op 10th"]
[Site "Penarth"]
[Date "2013.07.16"]
[Round "5"]
[White "Hanley, Craig"]
[Black "Kostanjsek, Luke"]
[Result "1-0"]
[WhiteElo "2433"]
[BlackElo "1929"]
[PlyCount "37"]
[EventDate "2013.07.14"]
[EventType "swiss"]
[EventRounds "9"]
[EventCountry "WLS"]
[SourceTitle "CBM 155 Extra"]
[Source "ChessBase"]
[SourceDate "2013.08.26"]
[SourceVersion "1"]
[SourceVersionDate "2013.08.26"]
[SourceQuality "1"]

1. c4 Nf6 2. g3 g6 3. Bg2 Bg7 4. d4 0-0 5. Nc3 d6 6. Nf3 Nbd7 7. 0-0 c5 8. h3 a6 9. e4 Rb8 10. e5 Ne8 11. Bf4 b5 12. cxb5 axb5 13. dxc5 Nxc5 14. exd6 Nxd6 15. Ne5 Bd7 16. Nd5 Ne6 17. Nxd7 Nxf4 18. Nxb8 Nxg2 19. Nc6 1-0

[Event "South Wales op 10th"]
[Site "Penarth"]
[Date "2013.07.15"]
[Round "4"]
[White "Kostanjsek, Luke"]
[Black "House, Glenn"]
[Result "1-0"]
[WhiteElo "1929"]
[BlackElo "2211"]
[PlyCount "77"]
[EventDate "2013.07.14"]
[EventType "swiss"]
[EventRounds "9"]
[EventCountry "WLS"]
[SourceTitle "CBM 155 Extra"]
[Source "ChessBase"]
[SourceDate "2013.08.26"]
[SourceVersion "1"]
[SourceVersionDate "2013.08.26"]
[SourceQuality "1"]

1. d4 Nf6 2. c4 e6 3. Nc3 Bb4 4. f3 0-0 5. a3 Bxc3+ 6. bxc3 Ne8 7. e4 b6 8. Bd3 Ba6 9. e5 Nc6 10. Nh3 Qh4+ 11. Nf2 f6 12. f4 f5 13. 0-0 Na5 14. Qe2 c5 15. g3 Qe7 16. g4 g6 17. a4 Ng7 18. Ba3 Rac8 19. d5 Qh4 20. Rad1 Rf7 21. Bc1 Rcf8 22. Kg2 Bb7 23. Bc2 Ba6 24. Bd3 Kh8 25. Kg1 Rg8 26. Kh1 Bb7 27. Bc2 Ba6 28. Bd3 Bb7 29. Bc2 Ba6 30. Bd3 Rgf8 31. Rg1 Bb7 32. Bc2 Nxc4 33. Rg3 exd5 34. g5 Ne6 35. Qf3 Qh5 36. Qd3 d4+ 37. Kg1 Nxe5 38. fxe5 c4 39. Qxc4 1-0

[Event "South Wales op 10th"]
[Site "Penarth"]
[Date "2013.07.14"]
[Round "3"]
[White "Petrov, Marian"]
[Black "Kostanjsek, Luke"]
[Result "1-0"]
[WhiteElo "2478"]
[BlackElo "1929"]
[PlyCount "73"]
[EventDate "2013.07.14"]
[EventType "swiss"]
[EventRounds "9"]
[EventCountry "WLS"]
[SourceTitle "CBM 155 Extra"]
[Source "ChessBase"]
[SourceDate "2013.08.26"]
[SourceVersion "1"]
[SourceVersionDate "2013.08.26"]
[SourceQuality "1"]

1. e4 c5 2. Nc3 Nc6 3. f4 g6 4. Nf3 Bg7 5. Bb5 Nd4 6. Nxd4 cxd4 7. Ne2 Nf6 8. Bd3 Qb6 9. e5 Ng4 10. h3 Nh6 11. c3 dxc3 12. bxc3 d5 13. Rb1 Qc7 14. Qb3 0-0 15. Qxd5 Rd8 16. Qc4 Qa5 17. Rb5 Qa6 18. Rd5 Rxd5 19. Qxd5 Be6 20. Qe4 Qxa2 21. Qxb7 Bd5 22. Qb1 Qxb1 23. Bxb1 Bxg2 24. Rh2 Bd5 25. Ng3 f6 26. d4 Nf7 27. Be4 Rd8 28. Bxd5 Rxd5 29. Ra2 a5 30. Ne2 g5 31. c4 Rd8 32. e6 Nd6 33. c5 Nb5 34. f5 Nxd4 35. Nxd4 Rxd4 36. Rc2 g4 37. c6 1-0

[Event "WLS-ch"]
[Site "Cardiff"]
[Date "2013.04.01"]
[Round "7"]
[White "Kostanjsek, Luke"]
[Black "Bullen, Alex"]
[Result "1-0"]
[WhiteElo "1881"]
[BlackElo "1894"]
[PlyCount "51"]
[EventDate "2013.03.29"]
[EventType "swiss"]
[EventRounds "7"]
[EventCountry "WLS"]
[SourceTitle "EXT 2014"]
[Source "ChessBase"]
[SourceDate "2013.11.20"]
[SourceVersion "1"]
[SourceVersionDate "2013.11.20"]
[SourceQuality "1"]

1. d4 d5 2. c4 e6 3. Nc3 Nf6 4. Bg5 Nbd7 5. cxd5 exd5 6. e3 c6 7. Bd3 Be7 8. Qc2 Nh5 9. Bxe7 Qxe7 10. 0-0-0 g6 11. Nf3 Nb6 12. h3 Be6 13. Na4 Nxa4 14. Qxa4 a5 15. Ne5 0-0 16. g4 Nf6 17. f4 Ne4 18. Rhf1 Qh4 19. f5 Bc8 20. Bxe4 dxe4 21. Qc2 Re8 22. Qc4 Rxe5 23. dxe5 gxf5 24. gxf5 b5 25. Rg1+ Kf8 26. Qc5+ 1-0

[Event "WLS-ch"]
[Site "Cardiff"]
[Date "2013.03.30"]
[Round "2"]
[White "Kett, Timothy"]
[Black "Kostanjsek, Luke"]
[Result "1-0"]
[WhiteElo "2220"]
[BlackElo "1881"]
[PlyCount "91"]
[EventDate "2013.03.29"]
[EventType "swiss"]
[EventRounds "7"]
[EventCountry "WLS"]
[SourceTitle "CBM 153 Extra"]
[Source "ChessBase"]
[SourceDate "2013.04.22"]
[SourceVersion "1"]
[SourceVersionDate "2013.04.22"]
[SourceQuality "1"]

1. e4 c5 2. Nf3 Nc6 3. Bb5 g6 4. Bxc6 dxc6 5. d3 Bg7 6. Nc3 e5 7. Be3 Qe7 8. h3 Nf6 9. Qd2 h6 10. 0-0-0 Nd7 11. Nh2 g5 12. Nf1 Nf8 13. Ng3 Rh7 14. Nf5 Bxf5 15. exf5 0-0-0 16. Ne4 b6 17. Qc3 Kb7 18. Qc4 Nd7 19. h4 g4 20. h5 Bf6 21. a4 Bg5 22. Bxg5 hxg5 23. Rh2 Nf6 24. c3 Nd5 25. h6 f6 26. Kc2 Rdh8 27. Rdh1 Qf8 28. a5 g3 29. Nxg3 b5 30. Qg4 Rxh6 31. Rxh6 Rxh6 32. Rxh6 Qxh6 33. Qh5 Qxh5 34. Nxh5 c4 35. dxc4 bxc4 36. b3 cxb3+ 37. Kxb3 g4 38. c4 Ne7 39. Nxf6 g3 40. fxg3 Nxf5 41. g4 Nd4+ 42. Kb4 Nc2+ 43. Kc3 Ne3 44. g5 Nf5 45. g6 Ng7 46. g4 1-0

[Event "BCF-chT3S 1213 (4NCL)"]
[Site "England"]
[Date "2013.02.23"]
[Round "5.126"]
[White "Flear, Christine"]
[Black "Kostanjsek, Luke"]
[Result "1-0"]
[WhiteElo "2157"]
[BlackElo "1876"]
[PlyCount "73"]
[EventDate "2012.11.03"]
[EventType "team-swiss"]
[EventRounds "6"]
[EventCountry "ENG"]
[SourceTitle "EXT 2014"]
[Source "ChessBase"]
[SourceDate "2013.11.20"]
[SourceVersion "1"]
[SourceVersionDate "2013.11.20"]
[SourceQuality "1"]
[WhiteTeam "Guildford III"]
[BlackTeam "Rhyfelwyr Essyllwg II"]
[WhiteTeamCountry "ENG"]
[BlackTeamCountry "ENG"]

1. d4 Nf6 2. c4 g6 3. Nc3 Bg7 4. e4 d6 5. f3 0-0 6. Be3 Nc6 7. Nge2 e5 8. d5 Ne7 9. Qd2 Nd7 10. g4 a5 11. Ng3 Nc5 12. Bh6 Bd7 13. h4 Kh8 14. Bxg7+ Kxg7 15. h5 Rh8 16. Be2 f6 17. f4 exf4 18. Qxf4 g5 19. h6+ Kf7 20. Qd2 Ng6 21. Nh5 Rf8 22. 0-0-0 Ne5 23. Rdf1 Kg6 24. Ng3 Qe7 25. Nd1 b6 26. Ne3 Kf7 27. Nef5 Bxf5 28. Rxf5 Ke8 29. Rhf1 Kd7 30. Nh5 Nxe4 31. Qc2 Ng6 32. Bd3 Nc5 33. Nxf6+ Rxf6 34. Rxf6 Qe3+ 35. Kb1 Nxd3 36. Qa4+ Ke7 37. Re6+ 1-0

[Event "BCF-chT3S 1213 (4NCL)"]
[Site "England"]
[Date "2012.11.04"]
[Round "2.157"]
[White "Jackson, Gary"]
[Black "Kostanjsek, Luke"]
[Result "0-1"]
[WhiteElo "1896"]
[BlackElo "1884"]
[PlyCount "62"]
[EventDate "2012.11.03"]
[EventType "team-swiss"]
[EventRounds "6"]
[EventCountry "ENG"]
[SourceTitle "EXT 2014"]
[Source "ChessBase"]
[SourceDate "2013.11.20"]
[SourceVersion "1"]
[SourceVersionDate "2013.11.20"]
[SourceQuality "1"]
[WhiteTeam "Banbury Bulldogs"]
[BlackTeam "Rhyfelwyr Essyllwg II"]
[WhiteTeamCountry "ENG"]
[BlackTeamCountry "ENG"]

1. e4 c5 2. Nf3 Nc6 3. d4 cxd4 4. Nxd4 Nf6 5. Nc3 e5 6. Nb3 Bb4 7. f3 d5 8. exd5 Nxd5 9. Bd2 Bxc3 10. bxc3 0-0 11. c4 Nb6 12. Bd3 Nxc4 13. Bc3 Nb6 14. 0-0 Nd5 15. Bd2 Ndb4 16. Be4 f5 17. Bxc6 Nxc6 18. Qe2 Qc7 19. Qc4+ Qf7 20. Qc3 Be6 21. Nc5 Bd5 22. Nd3 Rae8 23. Be3 Re6 24. a3 Qh5 25. Nc5 Rg6 26. Kh1 f4 27. Bf2 Rh6 28. h3 Rff6 29. Qd3 Ne7 30. Kh2 Rfg6 31. Ne4 Rxg2+ 0-1